[Event "Saarland-ch MB 89th"]
[Site "Stennweiler"]
[Date "2014.04.14"]
[Round "4"]
[White "Vogel, Joerg"]
[Black "Wolf, Ulrich1111"]
[Result "1-0"]
[WhiteElo "2040"]
[BlackElo "2042"]
[PlyCount "87"]
[EventDate "2014.04.11"]
[EventType "swiss"]
[EventRounds "9"]
[EventCountry "GER"]
[SourceTitle "EXT 2016"]
[Source "ChessBase"]
[SourceDate "2015.10.08"]
[SourceVersion "1"]
[SourceVersionDate "2015.10.08"]
[SourceQuality "1"]

1. d4 Nf6 2. c4 c5 3. d5 b5 4. a4 b4 5. Nd2 g6 6. e4 d6 7. Ngf3 Bg7 8. Bd3 Nbd7 9. 0-0 Ng4 10. h3 Nge5 11. Be2 Nxf3+ 12. Nxf3 Ne5 13. Nxe5 Bxe5 14. Ra2 h5 15. b3 Bd7 16. Bb2 Bxb2 17. Rxb2 Qc7 18. f4 0-0-0 19. Bf3 h4 20. Re2 Rdg8 21. e5 g5 22. e6 fxe6 23. dxe6 Bc6 24. Bd5 gxf4 25. Rxf4 Rg3 26. Ref2 Qb7 27. Rf8+ Rxf8 28. Rxf8+ Kc7 29. Rf7 Kb6 30. Rh7 Bxd5 31. cxd5 Rg5 32. Qf1 a6 33. Qf8 Ka5 34. Rxe7 Qb6 35. Rf7 c4+ 36. Rf2 c3 37. Kh2 Re5 38. Rf1 Qc7 39. Qf7 Kb6 40. a5+ Kb7 41. Rf4 Rxd5 42. e7 Re5 43. Rxb4+ Ka7 44. e8Q 1-0

[Event "Saarland-ch MB 89th"]
[Site "Stennweiler"]
[Date "2014.04.13"]
[Round "3"]
[White "Hillenbrand, Alexander"]
[Black "Vogel, Joerg"]
[Result "1-0"]
[WhiteElo "2136"]
[BlackElo "2040"]
[PlyCount "61"]
[EventDate "2014.04.11"]
[EventType "swiss"]
[EventRounds "9"]
[EventCountry "GER"]
[SourceTitle "EXT 2016"]
[Source "ChessBase"]
[SourceDate "2015.10.08"]
[SourceVersion "1"]
[SourceVersionDate "2015.10.08"]
[SourceQuality "1"]

1. e4 e5 2. Nf3 Nc6 3. Bb5 a6 4. Ba4 Nf6 5. 0-0 Be7 6. Re1 b5 7. Bb3 d6 8. c3 0-0 9. h3 Na5 10. Bc2 c5 11. d4 Nd7 12. Nbd2 cxd4 13. cxd4 Nc6 14. Nf1 Bf6 15. Be3 Bb7 16. Rc1 Rc8 17. Ng3 g6 18. Qd2 Nxd4 19. Nxd4 exd4 20. Bxd4 Ne5 21. Bb3 Nc6 22. Bc3 Qe7 23. Bd5 Rfd8 24. Bxf6 Qxf6 25. Rc3 Qe7 26. Qh6 Ne5 27. Rce3 Bxd5 28. exd5 Qf8 29. Qh4 f5 30. f4 Nf7 31. Nxf5 1-0

[Event "Robecchetto op 22nd"]
[Site "Robecchetto"]
[Date "2011.12.30"]
[Round "6"]
[White "Boschetti, Claudio"]
[Black "Vogel, Joerg"]
[Result "1-0"]
[WhiteElo "2110"]
[BlackElo "2047"]
[PlyCount "39"]
[EventDate "2011.12.27"]
[EventType "swiss"]
[EventRounds "6"]
[EventCountry "ITA"]
[SourceTitle "EXT 2014"]
[Source "ChessBase"]
[SourceDate "2013.11.20"]
[SourceVersion "1"]
[SourceVersionDate "2013.11.20"]
[SourceQuality "1"]

1. e4 c5 2. c3 d5 3. exd5 Qxd5 4. d4 Nf6 5. Nf3 Bg4 6. Be2 e6 7. h3 Bh5 8. 0-0 Nc6 9. Be3 cxd4 10. cxd4 Be7 11. Nc3 Qd7 12. g4 Bg6 13. Ne5 Qc7 14. Bf4 Qb6 15. Nb5 Nd5 16. Nc4 Qd8 17. Nbd6+ Kf8 18. Bg3 Na5 19. Nxa5 Bxd6 20. Nxb7 1-0

[Event "AUS-ch Major"]
[Site "Cammeray"]
[Date "2011.01.06"]
[Round "5"]
[White "Vogel, Joerg"]
[Black "Papp, Alexander"]
[Result "0-1"]
[WhiteElo "2069"]
[BlackElo "1909"]
[PlyCount "92"]
[EventDate "2011.01.02"]
[EventType "swiss"]
[EventRounds "11"]
[EventCountry "AUS"]
[SourceTitle "CBM 140 Extra"]
[Source "ChessBase"]
[SourceDate "2011.03.01"]
[SourceVersion "1"]
[SourceVersionDate "2011.03.01"]
[SourceQuality "1"]

1. d4 d5 2. c4 e6 3. Nf3 Nf6 4. Bg5 Be7 5. Nc3 0-0 6. Qc2 c6 7. e3 Nbd7 8. Bd3 dxc4 9. Bxc4 c5 10. 0-0 cxd4 11. Nxd4 e5 12. Nf5 Nb6 13. Bb3 Bb4 14. Ne4 Bxf5 15. Nxf6+ Qxf6 16. Bxf6 Bxc2 17. Bxe5 Bxb3 18. axb3 Be7 19. Ra5 Nd7 20. Bc3 Bf6 21. Rd1 Bxc3 22. bxc3 Nf6 23. h3 h6 24. c4 a6 25. Re5 Rad8 26. Rd4 Rd7 27. Rf5 Rfd8 28. Rff4 Nh7 29. b4 Ng5 30. Rxd7 Rxd7 31. Kf1 Ne6 32. Re4 b6 33. Ke2 Kf8 34. f4 Nd8 35. h4 f6 36. c5 b5 37. Rd4 Rxd4 38. exd4 Nc6 39. Ke3 Ke7 40. Ke4 Nxb4 41. d5 a5 42. c6 Kd6 43. Kf5 Nxd5 44. Kg6 b4 45. Kxg7 h5 46. Kh6 b3 0-1

[Event "Saarland-ch MA 85th"]
[Site "Homburg"]
[Date "2010.04.03"]
[Round "9"]
[White "Vogel, Joerg"]
[Black "Hell, Manfred"]
[Result "1-0"]
[WhiteElo "2063"]
[BlackElo "2038"]
[PlyCount "81"]
[EventDate "2010.03.27"]
[EventType "swiss"]
[EventRounds "9"]
[EventCountry "GER"]
[SourceTitle "EXT 2011"]
[Source "ChessBase"]
[SourceDate "2010.11.26"]
[SourceVersion "1"]
[SourceVersionDate "2010.11.26"]
[SourceQuality "1"]

1. d4 Nf6 2. c4 g6 3. Nc3 Bg7 4. e4 d6 5. f3 0-0 6. Be3 a6 7. Qd2 Nc6 8. Nge2 Rb8 9. Rb1 b5 10. cxb5 axb5 11. b4 Bd7 12. d5 Ne5 13. Nd4 Qe8 14. Be2 e6 15. 0-0 h5 16. a4 bxa4 17. b5 Ra8 18. Ra1 a3 19. Ra2 h4 20. Rfa1 exd5 21. exd5 Nh5 22. Rxa3 Rxa3 23. Rxa3 f5 24. Bf2 h3 25. g3 Kh7 26. Bf1 Bh6 27. f4 Nf7 28. Bxh3 g5 29. Qd1 Nh8 30. Ra7 gxf4 31. Rxc7 Ng7 32. Qd3 Kg8 33. Nce2 Ng6 34. b6 Ne5 35. Qb3 Qh5 36. Bg2 Ne8 37. Ra7 Nf6 38. Nxf4 Bxf4 39. gxf4 Neg4 40. h3 Nxf2 41. Kxf2 1-0

[Event "Saarland-ch MA 85th"]
[Site "Homburg"]
[Date "2010.04.01"]
[Round "7"]
[White "Alt, Hans Juergen"]
[Black "Vogel, Joerg"]
[Result "1-0"]
[WhiteElo "1928"]
[BlackElo "2063"]
[PlyCount "59"]
[EventDate "2010.03.27"]
[EventType "swiss"]
[EventRounds "9"]
[EventCountry "GER"]
[SourceTitle "EXT 2011"]
[Source "ChessBase"]
[SourceDate "2010.11.26"]
[SourceVersion "1"]
[SourceVersionDate "2010.11.26"]
[SourceQuality "1"]

1. c4 Nf6 2. g3 g6 3. Bg2 Bg7 4. Nc3 d6 5. e3 Nc6 6. Nge2 0-0 7. d3 Rb8 8. 0-0 Bf5 9. h3 a6 10. a3 Ne5 11. e4 Bd7 12. f4 Nc6 13. Be3 Qc8 14. g4 h5 15. g5 Nh7 16. Kh2 e5 17. d4 exf4 18. Bxf4 Qd8 19. Qd2 Na5 20. Nd5 Nb3 21. Qb4 Nxa1 22. Rxa1 Bc6 23. e5 Bxd5 24. Bxd5 dxe5 25. dxe5 Nxg5 26. Rg1 Ne6 27. Bxe6 fxe6 28. Rxg6 Qh4 29. c5 Kf7 30. Rxg7+ 1-0

[Event "Saarland-ch MA 85th"]
[Site "Homburg"]
[Date "2010.03.29"]
[Round "4"]
[White "Siebert, Viktor"]
[Black "Vogel, Joerg"]
[Result "1-0"]
[WhiteElo "2061"]
[BlackElo "2063"]
[PlyCount "73"]
[EventDate "2010.03.27"]
[EventType "swiss"]
[EventRounds "9"]
[EventCountry "GER"]
[SourceTitle "EXT 2011"]
[Source "ChessBase"]
[SourceDate "2010.11.26"]
[SourceVersion "1"]
[SourceVersionDate "2010.11.26"]
[SourceQuality "1"]

1. e4 c5 2. d4 cxd4 3. Nf3 e6 4. Nxd4 a6 5. c4 Nf6 6. Nc3 Qc7 7. Bd3 d6 8. 0-0 g6 9. Be3 Bg7 10. Rc1 Nbd7 11. f4 0-0 12. Be2 b6 13. b3 Bb7 14. Bf3 Nc5 15. Qc2 Rfe8 16. Nde2 Rac8 17. Bf2 Bc6 18. Rcd1 Rcd8 19. Ng3 Bh6 20. Bd4 Ncd7 21. f5 Ne5 22. Be2 exf5 23. exf5 Nfg4 24. fxg6 hxg6 25. Nce4 Be3+ 26. Bxe3 Nxe3 27. Nf6+ Kf8 28. Qd2 Nxf1 29. Rxf1 Re6 30. Qh6+ Ke7 31. Qg5 Kf8 32. h4 d5 33. h5 gxh5 34. Nf5 Rxf6 35. Qxf6 Ng6 36. Bxh5 Ke8 37. Ng7+ 1-0

[Event "Saarland-ch MA 85th"]
[Site "Homburg"]
[Date "2010.03.27"]
[Round "1"]
[White "Bastian, Herbert"]
[Black "Vogel, Joerg"]
[Result "1-0"]
[WhiteElo "2351"]
[BlackElo "2063"]
[PlyCount "49"]
[EventDate "2010.03.27"]
[EventType "swiss"]
[EventRounds "9"]
[EventCountry "GER"]
[SourceTitle "EXT 2011"]
[Source "ChessBase"]
[SourceDate "2010.11.26"]
[SourceVersion "1"]
[SourceVersionDate "2010.11.26"]
[SourceQuality "1"]

1. e4 c5 2. Nc3 e6 3. g3 Nc6 4. Bg2 Be7 5. f4 d6 6. Nh3 e5 7. d3 Nf6 8. Nd5 h6 9. c3 Bd7 10. 0-0 0-0 11. Nxe7+ Nxe7 12. fxe5 Bg4 13. Qd2 dxe5 14. Rxf6 gxf6 15. Qxh6 Ng6 16. Be3 Rc8 17. Nf2 Bd7 18. Bh3 Re8 19. Rf1 Rc6 20. Bf5 Bxf5 21. exf5 Nf8 22. Qh5 Nh7 23. Bh6 Kh8 24. Re1 Re7 25. Re4 1-0

[Event "Saarland-ch MA 85th"]
[Site "Homburg"]
[Date "2010.03.27"]
[Round "2"]
[White "Tabatt, Hendrik"]
[Black "Vogel, Joerg"]
[Result "1-0"]
[WhiteElo "2351"]
[BlackElo "2063"]
[PlyCount "75"]
[EventDate "2010.03.27"]
[EventType "swiss"]
[EventRounds "9"]
[EventCountry "GER"]
[SourceTitle "EXT 2011"]
[Source "ChessBase"]
[SourceDate "2010.11.26"]
[SourceVersion "1"]
[SourceVersionDate "2010.11.26"]
[SourceQuality "1"]

1. c4 Nf6 2. g3 d6 3. Bg2 c5 4. Nc3 e5 5. e3 Nc6 6. Nge2 Be7 7. d4 0-0 8. 0-0 Bg4 9. d5 Na5 10. h3 Bxe2 11. Qxe2 Nd7 12. e4 a6 13. h4 Bf6 14. b3 b6 15. Bh3 Qc7 16. Bd2 Nb7 17. h5 Rfe8 18. Nd1 g6 19. Ne3 Bg7 20. Ng4 Nf6 21. hxg6 hxg6 22. Bg5 Nxg4 23. Qxg4 f6 24. Bd2 g5 25. Qh5 Kf8 26. Qh7 Nd8 27. f4 gxf4 28. gxf4 Qf7 29. fxe5 Rxe5 30. Bf5 Nb7 31. Bf4 Re7 32. Kf2 Qg8 33. Qh5 Qf7 34. Qg4 Qe8 35. Be6 b5 36. Rh1 Rxe6 37. dxe6 Qe7 38. Rag1 1-0

[Event "Saarland-ch MA"]
[Site "Schiffweiler"]
[Date "2009.04.09"]
[Round "7"]
[White "Vogel, Joerg"]
[Black "Klein, Joerg"]
[Result "0-1"]
[WhiteElo "2081"]
[BlackElo "2153"]
[PlyCount "106"]
[EventDate "2009.04.03"]
[EventType "swiss"]
[EventRounds "9"]
[EventCountry "GER"]
[SourceTitle "EXT 2012"]
[Source "ChessBase"]
[SourceDate "2011.11.24"]
[SourceVersion "1"]
[SourceVersionDate "2011.11.24"]
[SourceQuality "1"]

1. d4 c5 2. d5 e5 3. c4 d6 4. Nc3 Be7 5. e4 Nf6 6. g3 0-0 7. Bg2 Ne8 8. Nge2 Nd7 9. 0-0 g6 10. Bh6 Ng7 11. f4 Kh8 12. Qd2 exf4 13. gxf4 Nf6 14. Rae1 Ng4 15. Bxg7+ Kxg7 16. Ng3 Bf6 17. e5 dxe5 18. Nce4 exf4 19. Nxf6 fxg3 20. Nxg4 Bxg4 21. Qc3+ Kg8 22. Qxg3 Qd7 23. h3 Bf5 24. Re5 Kh8 25. Rfe1 Rae8 26. Qg5 Rxe5 27. Qf6+ Kg8 28. Rxe5 Qd8 29. Re7 b6 30. d6 Be6 31. Bd5 Bxd5 32. cxd5 b5 33. Qe5 a5 34. d7 c4 35. Re8 Qxd7 36. Rxf8+ Kxf8 37. d6 f5 38. Qh8+ Kf7 39. Qxh7+ Ke6 40. Qxg6+ Kd5 41. Qg8+ Kxd6 42. Qf8+ Kd5 43. h4 Ke4 44. Qa8+ Kf4 45. Qg2 Qd1+ 46. Kh2 Qg4 47. Qf2+ Ke4 48. Qe1+ Kd5 49. Qd2+ Ke5 50. Qc3+ Qd4 51. Qxd4+ Kxd4 52. h5 Ke5 53. Kg3 Kf6 0-1

[Event "Saarland-ch MA"]
[Site "Schiffweiler"]
[Date "2009.04.08"]
[Round "6"]
[White "Faas, Dominik"]
[Black "Vogel, Joerg"]
[Result "1-0"]
[WhiteElo "2067"]
[BlackElo "2081"]
[PlyCount "137"]
[EventDate "2009.04.03"]
[EventType "swiss"]
[EventRounds "9"]
[EventCountry "GER"]
[SourceTitle "EXT 2012"]
[Source "ChessBase"]
[SourceDate "2011.11.24"]
[SourceVersion "1"]
[SourceVersionDate "2011.11.24"]
[SourceQuality "1"]

1. e4 c5 2. Nf3 e6 3. d4 cxd4 4. Nxd4 a6 5. Nc3 Qc7 6. Be2 Nf6 7. 0-0 Nc6 8. Be3 Be7 9. f4 d6 10. Kh1 0-0 11. a4 e5 12. Nxc6 Qxc6 13. Nd5 Nxd5 14. exd5 Qc7 15. a5 exf4 16. Bb6 Qb8 17. Rxf4 Bd7 18. Ra3 Bg5 19. Rc4 Bb5 20. Rg4 Bxe2 21. Qxe2 Bf6 22. b4 Re8 23. Re3 Rxe3 24. Qxe3 Qc8 25. Re4 g6 26. c4 Qd7 27. Bd4 Bxd4 28. Qxd4 Rc8 29. h3 Qf5 30. Kh2 Qd7 31. Qf6 Rc7 32. c5 dxc5 33. d6 Rc6 34. bxc5 Rxc5 35. Re7 Rf5 36. Qd4 Qd8 37. d7 Qxe7 38. d8Q+ Qxd8 39. Qxd8+ Kg7 40. Qd4+ Kg8 41. Qb6 Rb5 42. Qc7 h5 43. Kg3 Rf5 44. Kh2 Rb5 45. Kg1 Rf5 46. g4 hxg4 47. hxg4 Rb5 48. Kf2 g5 49. Ke3 Kf8 50. Qd8+ Kg7 51. Ke4 Kg6 52. Kd4 Kg7 53. Kc4 Kg6 54. Qh8 f5 55. Qh5+ Kf6 56. Qh6+ Kf7 57. gxf5 Rxf5 58. Qh7+ Kf6 59. Qxb7 g4 60. Qxa6+ Kg5 61. Qc8 g3 62. a6 Rf4+ 63. Kd3 Rg4 64. Qxg4+ Kxg4 65. a7 g2 66. a8Q Kh3 67. Qf3+ Kh2 68. Qf2 Kh3 69. Qg1 1-0

[Event "Saarland-ch MA"]
[Site "Schiffweiler"]
[Date "2009.04.07"]
[Round "5"]
[White "Vogel, Joerg"]
[Black "Czech, Torsten"]
[Result "0-1"]
[WhiteElo "2081"]
[BlackElo "2055"]
[PlyCount "70"]
[EventDate "2009.04.03"]
[EventType "swiss"]
[EventRounds "9"]
[EventCountry "GER"]
[SourceTitle "EXT 2012"]
[Source "ChessBase"]
[SourceDate "2011.11.24"]
[SourceVersion "1"]
[SourceVersionDate "2011.11.24"]
[SourceQuality "1"]

1. d4 Nf6 2. c4 e6 3. Nf3 b6 4. g3 Bb7 5. Nc3 d5 6. Bg2 Be7 7. 0-0 0-0 8. Ne5 c6 9. b3 Nbd7 10. Bb2 Nxe5 11. dxe5 Nd7 12. cxd5 cxd5 13. Nb5 Bc6 14. Nd4 Bb7 15. f4 Bc5 16. e3 Qe7 17. Qe2 a5 18. Rfd1 Ba6 19. Qg4 Rac8 20. Kh1 Bxd4 21. Bxd4 Rc2 22. Bf3 f5 23. exf6 Nxf6 24. Qg5 Qc7 25. Be5 Qf7 26. Bxf6 Qxf6 27. Qxf6 Rxf6 28. e4 dxe4 29. Bxe4 Re2 30. Bf3 Rf2 31. Bg2 Kf8 32. Kg1 Rb2 33. Rd6 e5 34. Rd8+ Ke7 35. Ra8 Rxg2+ 0-1

[Event "Saarland-ch MA"]
[Site "Schiffweiler"]
[Date "2009.04.04"]
[Round "2"]
[White "Huwig, Manfred"]
[Black "Vogel, Joerg"]
[Result "1/2-1/2"]
[WhiteElo "1885"]
[BlackElo "2081"]
[PlyCount "37"]
[EventDate "2009.04.03"]
[EventType "swiss"]
[EventRounds "9"]
[EventCountry "GER"]
[SourceTitle "EXT 2012"]
[Source "ChessBase"]
[SourceDate "2011.11.24"]
[SourceVersion "1"]
[SourceVersionDate "2011.11.24"]
[SourceQuality "1"]

1. e4 c5 2. Nc3 Nc6 3. g3 e5 4. Bg2 Be7 5. d3 d6 6. Nge2 Rb8 7. 0-0 Nf6 8. f4 exf4 9. Nxf4 Bg4 10. Bf3 Bxf3 11. Rxf3 0-0 12. Ncd5 Nxd5 13. Nxd5 Ne5 14. Rf2 Bg5 15. Qh5 Bxc1 16. Rxc1 f6 17. Rcf1 Qd7 18. Rf4 Qf7 19. Qe2 1/2-1/2

[Event "Illes Medes op 2nd"]
[Site "L'Estartit"]
[Date "2008.01.03"]
[Round "8"]
[White "Vogel, Joerg"]
[Black "Glienke, Manfred"]
[Result "1/2-1/2"]
[WhiteElo "2062"]
[BlackElo "2309"]
[PlyCount "70"]
[EventDate "2007.12.28"]
[EventType "swiss"]
[EventRounds "9"]
[EventCountry "ESP"]
[SourceTitle "CBM 122 Extra"]
[Source "ChessBase"]
[SourceDate "2008.03.04"]
[SourceVersion "1"]
[SourceVersionDate "2008.03.04"]
[SourceQuality "1"]

1. d4 d5 2. c4 e6 3. Nc3 Nf6 4. Bg5 Be7 5. Nf3 0-0 6. e3 Nbd7 7. Qc2 c6 8. Bd3 dxc4 9. Bxc4 Nd5 10. Bxe7 Qxe7 11. 0-0 Nxc3 12. Qxc3 c5 13. dxc5 Nxc5 14. Rac1 b6 15. b4 Ne4 16. Qb2 Bb7 17. Rfd1 Rad8 18. b5 h6 19. h3 Rxd1+ 20. Rxd1 Rd8 21. Rxd8+ Qxd8 22. Be2 Qc7 23. Nd2 Qc3 24. Qxc3 Nxc3 25. Bc4 Kf8 26. a3 Ke7 27. f3 Kd6 28. Kf2 f5 29. Bb3 Bd5 30. Bc2 Ba2 31. g4 g5 32. gxf5 exf5 33. Bxf5 Nxb5 34. a4 Nc3 35. Bc2 Be6 1/2-1/2

[Event "Saarland-ch MA"]
[Site "Heusweiler"]
[Date "2007.04.05"]
[Round "7"]
[White "Vogel, Joerg"]
[Black "Dietzen, Corinna"]
[Result "1/2-1/2"]
[WhiteElo "2064"]
[BlackElo "1980"]
[PlyCount "85"]
[EventDate "2007.03.30"]
[EventType "swiss"]
[EventRounds "9"]
[EventCountry "GER"]
[SourceTitle "EXT 2008"]
[Source "ChessBase"]
[SourceDate "2007.11.25"]
[SourceVersion "1"]
[SourceVersionDate "2007.11.25"]
[SourceQuality "1"]

1. d4 d5 2. Nf3 Nf6 3. c4 c6 4. Nc3 dxc4 5. a4 Bf5 6. Ne5 Na6 7. f3 c5 8. d5 e6 9. e4 Bg6 10. Bxc4 Nc7 11. Bg5 Be7 12. dxe6 fxe6 13. Qb3 Nxe4 14. Nxg6 hxg6 15. Nxe4 Bxg5 16. Rd1 Qe7 17. Bb5+ Nxb5 18. Qxb5+ Kf8 19. Rd7 Bh4+ 20. g3 Bxg3+ 21. Nxg3 Qg5 22. Qxb7 Qe5+ 23. Ne2 Rb8 24. Rf7+ Kg8 25. Rxg7+ Qxg7 26. Qxb8+ Kh7 27. Qb5 Qe7 28. Qc4 Rb8 29. Qc3 Qh4+ 30. Ng3 Qxa4 31. Kf2 Qa2 32. Re1 Rxb2+ 33. Re2 Rxe2+ 34. Nxe2 a5 35. Qxc5 a4 36. Qe7+ Kh6 37. Qh4+ Kg7 38. Qd4+ Kh7 39. Qe5 a3 40. Qc7+ Kh6 41. Qf4+ Kh7 42. Qf7+ Kh6 43. Qf4+ 1/2-1/2

[Event "Saarland-ch MB2"]
[Site "Saarlouis Steinrausch"]
[Date "2005.03.22"]
[Round "5"]
[White "Vogel, Joerg"]
[Black "Mischke, Luis"]
[Result "1/2-1/2"]
[WhiteElo "1969"]
[BlackElo "2020"]
[PlyCount "77"]
[EventDate "2005.03.18"]
[EventType "tourn"]
[EventRounds "9"]
[EventCountry "GER"]
[SourceTitle "EXT 2012"]
[Source "ChessBase"]
[SourceDate "2011.11.24"]
[SourceVersion "1"]
[SourceVersionDate "2011.11.24"]
[SourceQuality "1"]

1. d4 f5 2. Nf3 Nf6 3. g3 g6 4. Bg2 Bg7 5. c4 d6 6. Nc3 0-0 7. 0-0 Nc6 8. b3 Ne4 9. Bb2 Nxc3 10. Bxc3 e6 11. Rc1 Qe7 12. d5 Nd8 13. Bxg7 Kxg7 14. Nd4 e5 15. Nb5 a6 16. Nc3 c5 17. dxc6 bxc6 18. Qd2 Bb7 19. Rfd1 Rf6 20. c5 d5 21. e3 Ne6 22. Na4 f4 23. exf4 exf4 24. Re1 Qf7 25. Re5 Rf5 26. Rxe6 Qxe6 27. Bh3 Re8 28. Bxf5 Qxf5 29. Qxf4 Qxf4 30. gxf4 Re4 31. Nc3 Rxf4 32. Re1 Kf7 33. Re5 Bc8 34. Ne2 Rb4 35. Re3 Bf5 36. a3 Rg4+ 37. Rg3 Re4 38. Re3 Rg4+ 39. Rg3 1/2-1/2

[Event "Saarland-ch MB2"]
[Site "Saarlouis Steinrausch"]
[Date "2005.03.20"]
[Round "3"]
[White "Vogel, Joerg"]
[Black "Hoefer, Ulrich"]
[Result "1/2-1/2"]
[WhiteElo "1969"]
[BlackElo "1858"]
[PlyCount "52"]
[EventDate "2005.03.18"]
[EventType "tourn"]
[EventRounds "9"]
[EventCountry "GER"]
[SourceTitle "EXT 2012"]
[Source "ChessBase"]
[SourceDate "2011.11.24"]
[SourceVersion "1"]
[SourceVersionDate "2011.11.24"]
[SourceQuality "1"]

1. d4 d5 2. c4 e6 3. Nc3 c6 4. Nf3 dxc4 5. Bg5 f6 6. Bf4 b5 7. a4 Bb4 8. axb5 cxb5 9. Bxb8 Rxb8 10. Rxa7 Bb7 11. e3 Ne7 12. Nd2 Bc6 13. Be2 0-0 14. 0-0 Bxc3 15. bxc3 Nd5 16. Qc2 Ra8 17. Raa1 Qe7 18. Ne4 Ra3 19. Rxa3 Qxa3 20. Rc1 Ra8 21. Nc5 Qa2 22. h3 Qxc2 23. Rxc2 Ra1+ 24. Kh2 Ra3 25. Bf3 Kf7 26. Bxd5 Bxd5 1/2-1/2

[Event "Koblenz-ch"]
[Site "Koblenz"]
[Date "2004.11.09"]
[Round "6"]
[White "Melnikov, Valeri"]
[Black "Vogel, Joerg"]
[Result "0-1"]
[WhiteElo "1971"]
[BlackElo "2012"]
[PlyCount "98"]
[EventDate "2004.09.21"]
[EventType "swiss"]
[EventRounds "7"]
[EventCountry "GER"]
[SourceTitle "EXT 2005"]
[Source "ChessBase"]
[SourceDate "2004.11.15"]
[SourceVersion "1"]
[SourceVersionDate "2004.11.15"]
[SourceQuality "1"]

1. Nc3 c5 2. Nf3 d5 3. e3 Nf6 4. Bb5+ Bd7 5. a4 a6 6. Be2 Nc6 7. d4 Bg4 8. 0-0 e6 9. Ne5 Bxe2 10. Qxe2 Qc7 11. Nxc6 Qxc6 12. f4 Be7 13. Rf3 g6 14. a5 0-0 15. Rh3 Rac8 16. Kh1 Rfe8 17. Bd2 cxd4 18. exd4 Bb4 19. Qe1 h5 20. Qe5 Ng4 21. Qe1 Qc7 22. Rg3 Bxa5 23. h3 Nf6 24. Qd1 Bxc3 25. Rxc3 Qd6 26. Rf3 Ne4 27. Be1 Rc6 28. Qe2 Rec8 29. c3 Kg7 30. Bh4 b5 31. Be1 Qc7 32. Qe3 Qb6 33. Kh2 a5 34. Qg1 Rc4 35. g4 hxg4 36. Qxg4 b4 37. f5 exf5 38. Rxf5 bxc3 39. Rd1 c2 40. Rc1 Qxd4 41. Bxa5 Qxb2 42. Rxf7+ Kxf7 43. Qd7+ Kg8 44. Qe6+ Kh8 45. Qxg6 Qxc1 46. Qh5+ Kg7 47. Qe5+ Nf6 48. Qg3+ Kf7 49. Qd6 Qf4+ 0-1

[Event "Koblenz-ch"]
[Site "Koblenz"]
[Date "2003.10.07"]
[Round "3"]
[White "Waclawski, Klaus"]
[Black "Vogel, Joerg"]
[Result "0-1"]
[WhiteElo "1551"]
[BlackElo "1951"]
[PlyCount "30"]
[EventDate "2003.09.23"]
[EventType "swiss"]
[EventRounds "7"]
[EventCountry "GER"]
[SourceTitle "EXT 2005"]
[Source "ChessBase"]
[SourceDate "2004.11.15"]
[SourceVersion "1"]
[SourceVersionDate "2004.11.15"]
[SourceQuality "1"]

1. e4 e5 2. Nf3 Nc6 3. Nc3 Nf6 4. d4 Bb4 5. Qd3 Qe7 6. Bd2 exd4 7. Nxd4 Nxd4 8. Qxd4 0-0 9. Bd3 Bc5 10. Qc4 Ng4 11. 0-0 Qh4 12. Bf4 Bxf2+ 13. Kh1 Nxh2 14. Qxc7 Nxf1+ 15. Bh2 Ng3+ 0-1

[Event "Koblenz-ch"]
[Site "Koblenz"]
[Date "2002.11.07"]
[Round "3"]
[White "Vogel, Joerg"]
[Black "Buzov, Boris"]
[Result "1-0"]
[WhiteElo "1918"]
[BlackElo "2108"]
[PlyCount "51"]
[EventDate "2002.10.17"]
[EventType "swiss"]
[EventRounds "7"]
[EventCountry "GER"]
[SourceTitle "EXT 2005"]
[Source "ChessBase"]
[SourceDate "2004.11.15"]
[SourceVersion "1"]
[SourceVersionDate "2004.11.15"]
[SourceQuality "1"]

1. d4 d5 2. c4 e6 3. Nc3 Nf6 4. Bg5 Be7 5. Nf3 Nbd7 6. e3 c6 7. Qc2 Nh5 8. Bxe7 Qxe7 9. Be2 g6 10. 0-0 0-0 11. Rad1 b6 12. Ne5 Nxe5 13. dxe5 Ng7 14. e4 dxc4 15. Bxc4 Qc5 16. Be2 Qxe5 17. f4 Qc5+ 18. Kh1 f6 19. Qd2 Bb7 20. Qd6 Qxd6 21. Rxd6 Rf7 22. Bc4 Re8 23. f5 gxf5 24. exf5 Nxf5 25. Rxe6 Ng7 26. Rexf6 1-0

[Event "Koblenz-ch"]
[Site "Koblenz"]
[Date "2002.10.17"]
[Round "1"]
[White "Vogel, Joerg"]
[Black "Zimmer, Elmar"]
[Result "1-0"]
[WhiteElo "1918"]
[BlackElo "1544"]
[PlyCount "73"]
[EventDate "2002.10.17"]
[EventType "swiss"]
[EventRounds "7"]
[EventCountry "GER"]
[SourceTitle "EXT 2005"]
[Source "ChessBase"]
[SourceDate "2004.11.15"]
[SourceVersion "1"]
[SourceVersionDate "2004.11.15"]
[SourceQuality "1"]

1. d4 Nf6 2. c4 e6 3. Nc3 c5 4. d5 exd5 5. cxd5 d6 6. e4 g6 7. Nf3 Bg7 8. Be2 0-0 9. 0-0 Re8 10. Qc2 a6 11. a4 Bg4 12. h3 Bxf3 13. Bxf3 Nbd7 14. g4 h6 15. Bg2 Nh7 16. Bf4 Qc7 17. Bg3 g5 18. f4 Bd4+ 19. Kh1 Re7 20. Rae1 Rd8 21. e5 dxe5 22. Ne4 Ree8 23. fxe5 Bxe5 24. Bxe5 Rxe5 25. d6 Qb6 26. Qc4 Rf8 27. Rf2 Kg7 28. Ref1 f6 29. Ng3 Kh8 30. Nf5 Ree8 31. Nxh6 Kg7 32. Nf5+ Kh8 33. Ne7 Kg7 34. Qe6 Ne5 35. Rxf6 Nxf6 36. Qxe5 Qd8 37. Qxg5+ 1-0

[Event "Koblenz-ch"]
[Site "Koblenz"]
[Date "2000.11.23"]
[Round "7"]
[White "Vogel, Joerg"]
[Black "Back, Andreas"]
[Result "1-0"]
[WhiteElo "1750"]
[BlackElo "1562"]
[PlyCount "47"]
[EventDate "2000.08.29"]
[EventType "swiss"]
[EventRounds "7"]
[EventCountry "GER"]
[SourceTitle "EXT 2005"]
[Source "ChessBase"]
[SourceDate "2004.11.15"]
[SourceVersion "1"]
[SourceVersionDate "2004.11.15"]
[SourceQuality "1"]

1. d4 Nf6 2. c4 e5 3. dxe5 Ng4 4. Bf4 Nc6 5. Nf3 Bc5 6. e3 0-0 7. h3 Ngxe5 8. Nxe5 Nxe5 9. Bxe5 Bxe3 10. fxe3 Qh4+ 11. Ke2 Qh5+ 12. g4 Qxe5 13. Qd4 Qe6 14. Bg2 c6 15. Nc3 b6 16. Rad1 Ba6 17. b3 d5 18. Nxd5 cxd5 19. Bxd5 Rad8 20. Rhf1 Qg6 21. Bxf7+ Qxf7 22. Rxf7 Rxd4 23. Rxf8+ Kxf8 24. exd4 1-0

[Event "Koblenz-ch"]
[Site "Koblenz"]
[Date "2000.09.05"]
[Round "2"]
[White "Vogel, Joerg"]
[Black "Ries, Norbert"]
[Result "1/2-1/2"]
[WhiteElo "1750"]
[BlackElo "1899"]
[PlyCount "84"]
[EventDate "2000.08.29"]
[EventType "swiss"]
[EventRounds "7"]
[EventCountry "GER"]
[SourceTitle "EXT 2005"]
[Source "ChessBase"]
[SourceDate "2004.11.15"]
[SourceVersion "1"]
[SourceVersionDate "2004.11.15"]
[SourceQuality "1"]

1. d4 Nf6 2. c4 e5 3. dxe5 Ng4 4. Bf4 Nc6 5. Nf3 Bb4+ 6. Nbd2 Qe7 7. e3 Ngxe5 8. Nxe5 Nxe5 9. Be2 d6 10. 0-0 Bxd2 11. Qxd2 a5 12. b3 0-0 13. Rfe1 b6 14. f3 Bb7 15. e4 Nd7 16. Bg5 f6 17. Be3 Nc5 18. Bd1 Qf7 19. Bc2 Bc6 20. a3 Kh8 21. b4 axb4 22. axb4 Nd7 23. Qc3 Ne5 24. c5 Qc4 25. Qxc4 Nxc4 26. Bd4 dxc5 27. bxc5 Rxa1 28. Rxa1 Ra8 29. Rxa8+ Bxa8 30. cxb6 cxb6 31. Ba4 Kg8 32. Kf2 Bb7 33. Bb5 Nd6 34. Bd7 Nc8 35. Bxc8 Bxc8 36. Bxb6 Kf7 37. g4 g6 38. Kg3 Bb7 39. h4 Ke6 40. Bd4 Bc6 41. Kf4 h6 42. h5 Be8 1/2-1/2